[Event "NRW-liga 2008/09"]
[Site "masterchessopen.com – Germany"]
[Date "2008.11.09"]
[Round "3"]
[White "Sonntag Hans-Hubert (GER)"]
[Black "Kistella Roman (GER)"]
[Result "1-0"]
[WhiteElo "2381"]
[BlackElo "2371"]

1.d4 Nf6 2.Nf3 g6 3.c4 Bg7 4.Nc3 d5 5.Bf4 O-O 6.Rc1 dxc4 7.e3 Be6 8.Ng5 Bg4
9.f3 Bc8 10.Bxc4 c6 11.Qb3 e6 12.Nge4 Nd5 13.Bxd5 cxd5 14.Nd6 Nc6 15.O-O Na5
16.Qc2 a6 17.Qd3 b5 18.b3 Qb6 19.Ne2 Rd8 20.Nxf7 {#r} 1-0

[Event "It (juniors) (team)"]
[Site "masterchessopen.com – Vrnjacka Banja (Serbia)"]
[Date "2009.04.22"]
[Round "4"]
[White "Hornjak Tamara (SRB)"]
[Black "Vujanovic Sara (SRB)"]
[Result "1-0"]
[WhiteElo "1464"]
[BlackElo "1520"]

1.d4 Nf6 2.c4 g6 3.Nc3 d5 4.Nf3 Bg7 5.Bf4 O-O 6.Rc1 c5 7.dxc5 dxc4 8.e4 Qa5
9.Qa4 Qxa4 10.Nxa4 Nxe4 11.Rxc4 Nf6 12.Be2 Nc6 13.O-O Be6 14.Rc2 Nb4 15.Rcc1
Nxa2 16.Rcd1 Bb3 {#r} 1-0

[Event "It (juniors) (team)"]
[Site "masterchessopen.com – Vrnjacka Banja (Serbia)"]
[Date "2009.04.23"]
[Round "5"]
[White "Vince Andrea (SRB)"]
[Black "Nonkovic Bogdana (SRB)"]
[Result "1-0"]
[WhiteElo "2092"]
[BlackElo "1834"]

1.d4 Nf6 2.c4 g6 3.Nc3 d5 4.Nf3 Bg7 5.Bf4 O-O 6.Rc1 dxc4 7.e4 b5 8.Nxb5 Nxe4
9.Bxc4 c6 10.Nc3 Nd6 11.Bb3 Ba6 12.Na4 Nf5 13.Be5 Bh6 14.Rc3 Nd7 15.Nc5 Nxc5
16.Rxc5 Nd6 17.Qc2 Rc8 18.h4 Bg7 19.h5 Qd7 20.hxg6 hxg6 21.Qxg6 {#r} 1-0

[Event "Ch Switzerland (team) 2009"]
[Site "masterchessopen.com – Switzerland"]
[Date "2009.06.14"]
[Round "5"]
[White "Kuehn Peter (GER)"]
[Black "Moor Roger (SUI)"]
[Result "0-1"]
[WhiteElo "2424"]
[BlackElo "2348"]

1.d4 Nf6 2.Nf3 g6 3.c4 Bg7 4.Nc3 d5 5.Bf4 O-O 6.Rc1 dxc4 7.e3 Be6 8.Ne5 Nh5
9.d5 Nxf4 10.exf4 Bf5 11.Bxc4 Nd7 12.Qe2 Bh6 13.g3 Nxe5 14.Qxe5 Bg7 15.Qe2 Bh3
16.Qf3 Qd7 17.Rg1 h5 18.Qe3 b5 19.Bb3 a5 20.a4 bxa4 21.Nxa4 Rab8 22.Rc6 Rb4
23.Qd3 Bf5 24.Qf3 Re4+ 25.Kd2 Rd4+ 26.Kc1 Be4 27.Nc5 Qxc6 {#R} 0-1

[Event "It (open) (b)"]
[Site "masterchessopen.com – Dortmund (Germany)"]
[Date "2009.07.04"]
[Round "1"]
[White "Benning Robert"]
[Black "Krueger Georg (GER)"]
[Result "0-1"]
[WhiteElo "1239"]
[BlackElo "1777"]

1.d4 Nf6 2.Nf3 g6 3.c4 Bg7 4.Nc3 d5 5.Bf4 O-O 6.Qd2 c5 7.Rd1 cxd4 8.Nb5 Na6
9.cxd5 Nxd5 10.Nbxd4 Nxf4 11.Qxf4 Qa5+ 12.Qd2 Qxa2 13.e3 e5 14.Nb5 Be6 15.Qc2
Bb3 16.Qe4 Bxd1 17.Nd6 Qa1 18.Kd2 Bxf3 19.gxf3 Qxb2+ 20.Ke1 Rac8 21.Nxc8 Rxc8
22.Be2 Rc1+ 23.Bd1 Rxd1+ 24.Kxd1 Qa1+ 25.Ke2 Qxh1 26.Qxb7 Qa1 27.Qxa7 Bf8
28.Qa8 Kg7 29.h3 Bb4 30.f4 e4 {#R} 0-1

[Event "It (open)"]
[Site "masterchessopen.com – Vladimir (Russia)"]
[Date "2009.08.20"]
[Round "2"]
[White "Potapov Alexey (RUS)"]
[Black "Danin Alexandre (RUS)"]
[Result "0-1"]
[WhiteElo "2397"]
[BlackElo "2512"]

1.d4 Nf6 2.c4 g6 3.Nc3 d5 4.Nf3 Bg7 5.Bf4 O-O 6.Rc1 dxc4 7.e4 Bg4 8.Bxc4 Nh5
9.Be3 Bxf3 10.gxf3 e6 11.f4 Qh4 12.Qf3 Nc6 13.Ne2 Rad8 14.Rd1 Na5 15.Bd3 c5
16.Bd2 Nc6 17.dxc5 Bxb2 18.Rb1 Nd4 19.Nxd4 Bxd4 20.Rxb7 Bxc5 21.O-O Bd6 22.e5
Bc5 23.Rc7 Rd5 24.Rc1 Ba3 25.R1c2 Rxd3 26.Qxd3 Qg4+ 27.Kf1 Qd1+ 28.Kg2 Nxf4+
29.Bxf4 Qxd3 30.Bh6 Qd5+ 31.f3 Qxe5 32.Bxf8 Bxf8 33.Rxa7 Qg5+ {#R} 0-1

[Event "It (open)"]
[Site "masterchessopen.com – Vladimir (Russia)"]
[Date "2009.08.24"]
[Round "5"]
[White "Tunik Gennady (RUS)"]
[Black "Svetlov Dmitry (RUS)"]
[Result "1-0"]
[WhiteElo "2493"]
[BlackElo "2353"]

1.d4 Nf6 2.c4 g6 3.Nc3 d5 4.Nf3 Bg7 5.Bf4 O-O 6.Rc1 dxc4 7.e4 Bg4 8.Bxc4 Bxf3
9.gxf3 Nh5 10.Be3 e6 11.f4 Qh4 12.Qf3 Rd8 13.Ne2 Nc6 14.Rd1 Na5 15.Bd3 c5
16.dxc5 Bxb2 17.O-O e5 18.f5 Rac8 19.Kh1 Bd4 20.Bd2 Nc6 21.Bc4 Nf6 22.fxg6
hxg6 23.Rg1 Kf8 24.Bd5 Qxf2 25.Nxd4 Qxf3+ 26.Nxf3 {#r} 1-0

[Event "It \"]
[Site "masterchessopen.com – Moscow (Russia)"]
[Date "2009.10.24"]
[Round "5"]
[White "Yudkevich Mikhail (RUS)"]
[Black "Elishev Ivan (RUS)"]
[Result "0-1"]
[WhiteElo "2159"]
[BlackElo "2240"]

1.d4 Nf6 2.c4 g6 3.Nc3 d5 4.Nf3 Bg7 5.Bf4 O-O 6.Rc1 c5 7.dxc5 Be6 8.Nd4 Qa5
9.Nxe6 fxe6 10.cxd5 exd5 11.e3 Rd8 12.Qa4 Qxc5 13.e4 Qb6 14.Nxd5 Nxd5 15.Bc4
e6 16.exd5 exd5 17.Bxd5+ Rxd5 18.Qe8+ Bf8 19.Rc8 Qb4+ 20.Ke2 Qxf4 {#R} 0-1

[Event "Bayern Regionalliga Southwest 2009/10"]
[Site "masterchessopen.com – Bayern (Germany)"]
[Date "2009.11.15"]
[Round "2"]
[White "Osthoff Michael (GER)"]
[Black "Eichner Manfred (GER)"]
[Result "1-0"]
[WhiteElo "2095"]
[BlackElo "2056"]

1.d4 Nf6 2.c4 g6 3.Nc3 d5 4.Nf3 Bg7 5.Bf4 O-O 6.Rc1 dxc4 7.e3 c5 8.Bxc4 Qa5
9.O-O Bg4 10.dxc5 Rd8 11.Qb3 Bxf3 12.Bxf7+ Kh8 13.gxf3 Nbd7 14.Na4 e5 15.Bg5
Rf8 16.Be6 b5 17.Bxd7 Nxd7 18.Qd5 Nf6 19.Bxf6 Bxf6 20.Nc3 Rad8 21.Qc6 b4
22.Ne4 Bg7 23.Qe6 Rde8 24.Qc4 h6 25.c6 Qd8 26.c7 Qh4 27.Nd6 Qh3 28.Qg4 {#r}
1-0

[Event "Tournament (w)"]
[Site "masterchessopen.com – Medellin ( Colombia)"]
[Date "2010.04.25"]
[Round "5"]
[White "Zapata Olga Maria"]
[Black "Chirivi Angie Lizeth"]
[Result "0-1"]
[WhiteElo "1734"]
[BlackElo "1918"]

1.d4 Nf6 2.c4 g6 3.Nc3 d5 4.Nf3 Bg7 5.Bf4 O-O 6.h3 a6 7.cxd5 Nxd5 8.Nxd5 Qxd5
9.Bxc7 Nc6 10.e3 Bf5 11.Bd3 Bxd3 12.Qxd3 Rac8 13.Bg3 Nb4 14.Qd2 Nc2+ 15.Ke2
Qb5+ 16.Qd3 Nxa1 17.Qxb5 axb5 18.Rxa1 Rc2+ {#R} 0-1

[Event "Ch Poland (team) (juniors) (1 liga)"]
[Site "masterchessopen.com – Suchedniow (Poland)"]
[Date "2010.07.14"]
[Round "9"]
[White "Sycz Dariusz (POL)"]
[Black "Nasuta Grzegorz (POL)"]
[Result "0-1"]
[WhiteElo "1959"]
[BlackElo "2130"]

1.d4 Nf6 2.c4 g6 3.Nc3 d5 4.Nf3 Bg7 5.Bf4 O-O 6.h3 b6 7.cxd5 Nxd5 8.Nxd5 Qxd5
9.Bxc7 Bf5 10.a3 Rc8 11.Bxb8 Raxb8 12.e3 Rc2 13.b4 Qb3 14.Ba6 Qc3+ 15.Kf1 Qb2
16.Qe1 Rxf2+ 17.Qxf2 Qxa1+ 18.Qe1 Qxa3 19.b5 Bc8 20.Qe2 Bxa6 21.bxa6 Qa1+
22.Ne1 b5 23.Kf2 Qxa6 24.Rf1 Qc6 25.Nd3 b4 26.Ra1 e5 27.dxe5 Qb6 28.Qa2 b3
29.Qa4 Bh6 30.Qd4 a5 31.Nc5 Rd8 32.Qc3 Rc8 {#R} 0-1

[Event "It (open)"]
[Site "masterchessopen.com – Tibor (Czech Republic)"]
[Date "2010.08.05"]
[Round "6"]
[White "Trepka Jan (CZE)"]
[Black "Hausner Ivan (CZE)"]
[Result "0-1"]
[WhiteElo "2159"]
[BlackElo "2437"]

1.d4 Nf6 2.c4 g6 3.Nc3 d5 4.Nf3 Bg7 5.Bf4 O-O 6.Rc1 c5 7.dxc5 Na6 8.e3 Nxc5
9.Be2 dxc4 10.Qxd8 Rxd8 11.Bxc4 Be6 12.Be2 Nfe4 13.Be5 Nxc3 14.Bxc3 Bxc3+
15.Rxc3 Na4 16.Rc7 Rac8 17.Rxc8 Rxc8 18.b3 Nc3 19.Nd4 Bd5 20.Bf3 e5 21.Ne2
Nxe2 22.Bxd5 Rc1+ 23.Kxe2 Rxh1 24.Bxb7 Rb1 25.Bd5 Rb2+ 26.Kf3 Rxa2 27.g4 g5
28.Kg3 a5 29.h3 Kf8 30.f4 exf4+ 31.exf4 Ra3 {#R} 0-1

[Event "Memorial F.Campomanes (open)"]
[Site "masterchessopen.com – Manila (Philippines)"]
[Date "2010.08.29"]
[Round "2"]
[White "Ding Liren (CHN)"]
[Black "Dela Cruz Noel (PHI)"]
[Result "1-0"]
[WhiteElo "2570"]
[BlackElo "2392"]

1.d4 Nf6 2.c4 g6 3.Nc3 d5 4.Nf3 Bg7 5.Bf4 O-O 6.Rc1 Nh5 7.Be5 f6 8.Bg3 c6 9.e3
Nxg3 10.hxg3 e6 11.Bd3 f5 12.O-O Nd7 13.cxd5 cxd5 14.Qb3 a6 15.Na4 Rf7 16.Nc5
Nf8 17.Rc3 b6 18.Na4 Bd7 19.Rfc1 g5 20.R3c2 g4 21.Ne5 Bxe5 22.dxe5 Ng6 23.Nxb6
Rb8 24.Nxd7 Rxb3 25.Rc8 Rxd7 26.axb3 Nxe5 27.Bxa6 Kf7 28.Rxd8 Rxd8 29.b4 Rb8
30.Rc7+ Kf6 31.b5 Nc4 32.Rc6 Ke5 33.Kf1 Na5 34.Rc7 h5 35.b4 Nc4 36.Rc6 Nd6
37.b6 d4 38.exd4+ Kd5 39.b5 Nb7 40.Rc7 {#r} 1-0

[Event "It (open) \"]
[Site "masterchessopen.com – Nuernberg (Germany)"]
[Date "2010.09.05"]
[Round "6"]
[White "Rau Hannes (GER)"]
[Black "Reis Gerhard (GER)"]
[Result "1-0"]
[WhiteElo "2464"]
[BlackElo "2225"]

1.d4 Nf6 2.c4 g6 3.Nc3 d5 4.Nf3 Bg7 5.Bf4 O-O 6.Rc1 c5 7.dxc5 Be6 8.e3 Na6
9.cxd5 Nxd5 10.Bxa6 Bxc3+ 11.bxc3 Nxf4 12.exf4 Qxd1+ 13.Kxd1 bxa6 14.Re1 Rfd8+
15.Nd4 Rac8 16.Kc2 Bxa2 17.c6 Kf8 18.Ra1 Bc4 19.Re5 Rc7 20.Rc5 Bb5 21.Nxb5
axb5 22.Rxb5 Rd6 23.Rc5 Rf6 24.Ra4 e5 25.Rxe5 Rfxc6 26.Re3 Rc5 27.Kb3 Rb7+
28.Rb4 Rbc7 29.c4 Rf5 30.g3 Rfc5 31.Re5 R5c6 32.Ra4 h5 33.Rea5 Kg7 34.h4 Kf8
35.f5 Ke8 36.fxg6 fxg6 37.Ra6 Rb6+ 38.Kc3 {#r} 1-0

[Event "It (open) \"]
[Site "masterchessopen.com – Bol (Croatia)"]
[Date "2010.09.17"]
[Round "6"]
[White "Pertlova Sona (CZE)"]
[Black "Elishev Ivan (RUS)"]
[Result "1-0"]
[WhiteElo "2199"]
[BlackElo "2216"]

1.d4 Nf6 2.c4 g6 3.Nc3 d5 4.Nf3 Bg7 5.Bf4 O-O 6.Rc1 c5 7.dxc5 dxc4 8.e4 Qa5
9.e5 Rd8 10.Bd2 Ng4 11.Bxc4 Qxc5 12.Ne4 Qb6 13.Bxf7+ Kxf7 14.Rxc8 Rxc8
15.Nfg5+ Kg8 16.Qxg4 Rc6 17.Nd6 Rxd6 18.exd6 Qxd6 19.Qc4+ e6 20.Qc8+ Bf8
21.Qxb7 Nd7 22.Qxa8 Nc5 23.Qf3 Nd3+ 24.Ke2 Ne5 25.Qb3 Qa6+ 26.Kd1 Nc4 27.Re1
Qc8 {#r} 1-0

[Event "Ch City (open)"]
[Site "masterchessopen.com – Kimry (Russia)"]
[Date "2011.01.05"]
[Round "6"]
[White "Mikhailov Ivan (RUS)"]
[Black "Kolmakov Pavel (RUS)"]
[Result "1-0"]
[WhiteElo "2023"]
[BlackElo "2205"]

1.d4 Nf6 2.c4 g6 3.Nc3 d5 4.Nf3 Bg7 5.Bf4 O-O 6.Rc1 dxc4 7.e3 a6 8.a4 c5
9.dxc5 Qa5 10.Bxc4 Qxc5 11.Ba2 Nh5 12.Nd5 Qa5+ 13.b4 Qd8 14.Rxc8 Qd7 15.Rxf8+
Kxf8 16.O-O {#r} 1-0

[Event "Cup Gaudeamus"]
[Site "masterchessopen.com – Bucharest (Romania)"]
[Date "2011.03.27"]
[Round "4"]
[White "Ilie Maria-Ruxandra (ROM)"]
[Black "Pessi Emil-George (ROM)"]
[Result "0-1"]
[WhiteElo "2005"]
[BlackElo "2242"]

1.d4 Nf6 2.Nf3 g6 3.c4 Bg7 4.Nc3 d5 5.Bf4 O-O 6.cxd5 Nxd5 7.Nxd5 Qxd5 8.Bxc7
Nc6 9.e3 Bf5 10.a3 Rac8 11.Bg3 Na5 12.Nd2 Rc2 13.Qf3 Qd7 14.Qd1 Bxd4 15.exd4
Qxd4 16.Nf3 Qe4+ 17.Be2 Nb3 18.Rb1 Rxe2+ 19.Qxe2 Qxb1+ 20.Qd1 Qxb2 21.O-O Qxa3
22.Qd5 Qb4 23.Ne5 a5 24.Rd1 Be6 25.Qf3 a4 26.Nd3 Qg4 27.Qxg4 Bxg4 28.f3 Bf5
29.Nb4 a3 30.Bh4 f6 31.Bf2 Ra8 32.Na2 Rc8 33.g4 Be6 34.Be3 Rc2 35.Nb4 Re2
36.Bh6 Kf7 37.h4 Bc4 38.f4 Nd2 {#R} 0-1

[Event "Tournament \"]
[Site "masterchessopen.com – Madrid (Spain)"]
[Date "2011.04.03"]
[Round "2"]
[White "Veiga Rodriguez Pablo (ESP)"]
[Black "Berrocal Exposito Fernando (ESP)"]
[Result "0-1"]
[WhiteElo "1578"]
[BlackElo "1850"]

1.d4 Nf6 2.c4 g6 3.Nc3 d5 4.Nf3 Bg7 5.Bf4 O-O 6.cxd5 Nxd5 7.Nxd5 Qxd5 8.e3 c5
9.Be5 f6 10.Bxb8 Rxb8 11.b3 b5 12.dxc5 Qxc5 13.Be2 Qc3+ 14.Qd2 Qxa1+ 15.Bd1
Bg4 16.O-O Rfd8 17.Qxd8+ Rxd8 18.Bc2 Qxa2 {#R} 0-1

[Event "Tournament (Elo) (b)"]
[Site "masterchessopen.com – Budapest (Hungary)"]
[Date "2011.05.11"]
[Round "5"]
[White "Breen Anthony (IRL)"]
[Black "Mayer Istvan (HUN)"]
[Result "0-1"]
[WhiteElo "1648"]
[BlackElo "2063"]

1.Nf3 g6 2.d4 Bg7 3.c4 Nf6 4.Nc3 d5 5.Bf4 O-O 6.Rc1 dxc4 7.e4 c6 8.Bxc4 b5
9.Bd3 Bg4 10.Be3 Nbd7 11.h3 Bxf3 12.Qxf3 e5 13.Ne2 Qa5+ 14.Bd2 Qxa2 15.O-O
exd4 16.Nxd4 Ne5 17.Qe2 Nxd3 18.Qxd3 c5 19.Nf3 c4 20.Qb1 Qxb1 {#R} 0-1

[Event "Tournament (Elo)"]
[Site "masterchessopen.com – Sao Bernardo (Brazil)"]
[Date "2011.05.21"]
[Round "3"]
[White "Macedo Carlos A"]
[Black "Alves Sidney D"]
[Result "1-0"]
[WhiteElo "1806"]
[BlackElo "1546"]

1.d4 Nf6 2.c4 g6 3.Nc3 d5 4.Nf3 Bg7 5.Bf4 O-O 6.cxd5 Nxd5 7.Nxd5 Qxd5 8.Bxc7
Nc6 9.e3 Bg4 10.Be2 Rac8 11.Bg3 Qa5+ 12.Nd2 Bxe2 13.Qxe2 Nb4 14.O-O Rc2 15.Qd1
Rfc8 16.Nb3 Qf5 17.Nc5 b6 18.e4 Qg5 19.h4 Qd2 20.Qg4 Rc6 21.Rad1 Qe2 22.Qd7 h5
23.Qe8+ Kh7 24.Nd7 Qxe4 25.Qxf7 Nd5 26.Be5 Nf6 27.Nf8+ Kh6 28.Bf4+ {#r} 1-0

[Event "It (open)"]
[Site "masterchessopen.com – Condino (Italy)"]
[Date "2011.07.26"]
[Round "3"]
[White "Frugoni Giulio (ITA)"]
[Black "Paragliola Gennaro (ITA)"]
[Result "1-0"]
[WhiteElo "1679"]
[BlackElo "1576"]

1.Nf3 Nf6 2.d4 d5 3.c4 g6 4.Nc3 Bg7 5.Bf4 O-O 6.Nb5 Na6 7.e3 c6 8.Nc3 Nh5
9.Bg3 Nxg3 10.hxg3 Bg4 11.a3 e5 12.Be2 dxc4 13.Nxe5 Bxe2 14.Qxe2 Bxe5 15.dxe5
b5 16.Ne4 Kg7 17.Nf6 h6 18.Nh5+ gxh5 19.Rxh5 Kh7 20.Qf3 Qd5 21.Qf5+ Kg8
22.Rxh6 Rfd8 23.Qg5+ Kf8 24.Rh8# 1-0

[Event "Ch World (amateurs)"]
[Site "masterchessopen.com – Antalya (Turkey)"]
[Date "2011.10.06"]
[Round "5"]
[White "Saglam E"]
[Black "Bayona K"]
[Result "1-0"]
[WhiteElo "1669"]
[BlackElo "1802"]

1.d4 Nf6 2.c4 g6 3.Nf3 Bg7 4.Nc3 d5 5.Bf4 O-O 6.h3 c5 7.e3 Qa5 8.Qd2 cxd4
9.exd4 Nc6 10.Be2 dxc4 11.Bxc4 Rd8 12.O-O e5 13.Be3 exd4 14.Nxd4 Nxd4 15.Bxd4
Qb4 16.Bc5 Rxd2 17.Bxb4 Rd4 18.Rfd1 Rxd1+ 19.Rxd1 Be6 20.Bxe6 fxe6 21.Bc5 b6
22.Be3 Rc8 23.Kf1 Kf7 24.Rd2 h5 25.a4 Bf8 26.Nb5 Nd5 27.Bg5 a6 28.Nc3 Bb4 {#r}
1-0

[Event "It \"]
[Site "masterchessopen.com – Schwaebisch Gmund (Germany)"]
[Date "2012.01.02"]
[Round "1"]
[White "Kunz Konstantin (GER)"]
[Black "Walter Kevin (GER)"]
[Result "1-0"]
[WhiteElo "2263"]
[BlackElo "1820"]

1.d4 Nf6 2.Nf3 g6 3.c4 Bg7 4.Nc3 d5 5.Bf4 O-O 6.Rc1 c5 7.dxc5 dxc4 8.Qxd8 Rxd8
9.e3 Na6 10.c6 bxc6 11.Bxc4 Nd5 12.Be5 Nb6 13.Be2 f6 14.Bg3 e5 15.O-O Nb4
16.a3 N4d5 17.Ne4 Bf5 18.Nc5 Ne7 19.h3 Nd7 20.Bc4+ Kh8 21.Nb7 Rdb8 22.Nd6 Bh6
23.Rfd1 Nb6 24.Nf7+ Kg7 25.N7xe5 fxe5 26.Bxe5+ Kf8 27.Bxb8 Nxc4 28.Rd8+ Kf7
29.Rxc4 Bg7 30.Ng5+ Kf6 31.f4 {#r} 1-0

[Event "Tournament (Elo) (1)"]
[Site "masterchessopen.com – Sao Paulo (Brazil)"]
[Date "2012.01.10"]
[Round "2"]
[White "Fakhouri Filho Jorge"]
[Black "Vizzotto Bernardo"]
[Result "0-1"]
[WhiteElo "2011"]
[BlackElo "1991"]

1.d4 Nf6 2.Nf3 g6 3.c4 Bg7 4.Nc3 d5 5.Bf4 O-O 6.h3 c5 7.e3 cxd4 8.exd4 Nc6
9.Be2 dxc4 10.Bxc4 Nh5 11.Be3 Qc7 12.O-O e6 13.Rc1 Nxd4 14.Nxd4 Qxc4 15.Ncb5
Qxa2 16.Ra1 Qxb2 17.Qa4 Bd7 18.Rab1 Bxb5 19.Nxb5 Qf6 20.g4 Qh4 21.gxh5 {#R}
0-1

[Event "Extraliga 2011/12"]
[Site "masterchessopen.com – Slovakia"]
[Date "2012.01.14"]
[Round "5"]
[White "Stocek Jiri (CZE)"]
[Black "Meszaros Michal (SVK)"]
[Result "0-1"]
[WhiteElo "2606"]
[BlackElo "2373"]

1.d4 Nf6 2.c4 g6 3.Nc3 d5 4.Nf3 Bg7 5.Bf4 O-O 6.Rc1 dxc4 7.e4 Bg4 8.Be3 Nh5
9.Be2 Nc6 10.e5 Nb4 11.O-O c5 12.dxc5 Nd3 13.h3 Bxf3 14.Bxf3 Nxc1 15.Qxc1 Bxe5
16.Rd1 Qc8 17.Bxh5 gxh5 18.Bh6 Qf5 19.Bxf8 Bf4 20.Qxf4 Qxf4 21.Bxe7 Qe5 22.Bd6
Qe6 23.Rd5 f6 24.Bg3 Rc8 25.Kh2 h4 26.Bf4 Rc6 27.Be3 b6 28.cxb6 axb6 29.Rh5
Rd6 30.Rxh4 Rd3 31.Rg4+ Kf7 32.Re4 Qc6 33.Rh4 Kg8 34.Bh6 Qd6+ 35.g3 f5 36.a3
Rf3 37.Kg2 Qc6 38.Kf1 Rxg3 39.Bd2 Qh1+ 40.Ke2 Qf3+ {#R} 0-1

[Event "It (open)"]
[Site "masterchessopen.com – New Delhi (India)"]
[Date "2012.01.17"]
[Round "4"]
[White "Akshayraj Kore (IND)"]
[Black "Padhya Saumil (IND)"]
[Result "1-0"]
[WhiteElo "2386"]
[BlackElo "2115"]

1.d4 Nf6 2.c4 g6 3.Nc3 d5 4.Nf3 Bg7 5.Bf4 O-O 6.Rc1 c5 7.dxc5 dxc4 8.Qxd8 Rxd8
9.e4 Na6 10.e5 Nh5 11.Be3 Bg4 12.Bxc4 Bxf3 13.gxf3 Bxe5 14.O-O Nb4 15.a3 Nc6
16.Ne2 Bxb2 17.Rb1 Bxa3 18.Rxb7 a5 19.Nc3 Nf6 20.Na4 Ne5 21.Ba2 Nfd7 22.f4 Nc6
23.Bd5 Rac8 24.Bxc6 Nxc5 25.Nxc5 Rxc6 26.Nb3 a4 27.Ra1 Bd6 28.Rxa4 Rdc8 29.Nd2
f5 30.Kg2 Rc2 31.Nf3 R2c4 32.Rba7 Re4 33.Rxe4 fxe4 34.Nd2 Rf8 35.Nxe4 Bxf4
36.Bxf4 Rxf4 37.Rxe7 {#r} 1-0

[Event "It (open)"]
[Site "masterchessopen.com – New Delhi (India)"]
[Date "2012.01.23"]
[Round "11"]
[White "Praveen Kumar C (IND)"]
[Black "Akshat Chandra (IND)"]
[Result "1-0"]
[WhiteElo "2338"]
[BlackElo "2087"]

1.d4 Nf6 2.c4 g6 3.Nc3 d5 4.Bf4 Bg7 5.Nf3 O-O 6.Rc1 dxc4 7.e4 c5 8.d5 Nbd7
9.Bxc4 a6 10.a4 Ng4 11.O-O Nge5 12.Be2 Nxf3+ 13.Bxf3 Ne5 14.Be2 f6 15.Qd2 Qd6
16.Bg3 {#r} 1-0

[Event "It (open)"]
[Site "masterchessopen.com – Mukachevo (Ukraine)"]
[Date "2012.06.26"]
[Round "1"]
[White "Lomakin Viktor (UKR)"]
[Black "Kovalev Denis (UKR)"]
[Result "0-1"]
[WhiteElo "2148"]
[BlackElo "2484"]

1.d4 Nf6 2.c4 g6 3.Nc3 d5 4.Nf3 Bg7 5.Bf4 O-O 6.Rc1 Be6 7.Ng5 c5 8.Nxe6 fxe6
9.dxc5 d4 10.Na4 Ne4 11.e3 Qa5+ 12.Ke2 Nc6 13.f3 d3+ 14.Qxd3 Rad8 15.b4 Qxb4
{#R} 0-1

[Event "Tournament (open)"]
[Site "masterchessopen.com – Novokuznetsk (Russia)"]
[Date "2012.08.05"]
[Round "4"]
[White "Sitnikov Dmitrij (RUS)"]
[Black "Kuznesov Andrei (RUS)"]
[Result "1-0"]
[WhiteElo "2500"]
[BlackElo "2279"]

1.d4 Nf6 2.c4 g6 3.Nc3 d5 4.Nf3 Bg7 5.Bf4 O-O 6.Rc1 c5 7.dxc5 Qa5 8.cxd5 Qxc5
9.e4 Ng4 10.Qd2 Na6 11.h3 Nf6 12.e5 Ne8 13.Nb5 Qb4 14.a3 Qa4 15.Nfd4 b6 16.b3
Qa5 17.b4 Qa4 18.Be2 {#r} 1-0

[Event "Tournament (open)"]
[Site "masterchessopen.com – Gniezno (Poland)"]
[Date "2012.08.14"]
[Round "6"]
[White "Minko Janusz (POL)"]
[Black "Banach Wieslaw (POL)"]
[Result "0-1"]
[WhiteElo "1902"]
[BlackElo "2107"]

1.d4 Nf6 2.c4 g6 3.Nc3 d5 4.Bf4 Bg7 5.Nf3 O-O 6.Nxd5 Nxd5 7.cxd5 Qxd5 8.Bxc7
Nc6 9.e3 Bf5 10.a3 Rac8 11.Bg3 Rfd8 12.Be2 e5 13.dxe5 Qa5+ 14.Nd2 Nxe5 15.Rc1
Rxd2 16.Rxc8+ Rd8+ {#R} 0-1

[Event "It (open)"]
[Site "masterchessopen.com – Dresden (Germany)"]
[Date "2012.08.18"]
[Round "1"]
[White "Boettger Lukas (GER)"]
[Black "Kovchan Alexander (UKR)"]
[Result "0-1"]
[WhiteElo "2225"]
[BlackElo "2577"]

1.d4 Nf6 2.c4 g6 3.Nc3 d5 4.Nf3 Bg7 5.Bf4 O-O 6.Rc1 dxc4 7.e4 Bg4 8.Bxc4 Nh5
9.Be3 Bxf3 10.gxf3 e6 11.f4 Qh4 12.Qf3 Nc6 13.Ne2 Rad8 14.e5 Ne7 15.Qxb7 c6
16.Ng3 Nxf4 17.O-O Rxd4 18.Rfd1 Rxd1+ 19.Rxd1 Bxe5 20.Bxf4 Bxf4 21.Rd7 Bxg3
22.hxg3 Qxc4 23.Rxe7 Qxa2 24.Qxc6 Qxb2 25.Rxa7 Qf6 {#R} 0-1

[Event "Memorial A.Rubinstein (open) (b)"]
[Site "masterchessopen.com – Polanica Zdroj (Poland)"]
[Date "2012.08.19"]
[Round "2"]
[White "Korhonen Pasi (FIN)"]
[Black "Faron Rafal (POL)"]
[Result "1-0"]
[WhiteElo "2082"]
[BlackElo "1890"]

1.d4 Nf6 2.c4 g6 3.Nc3 d5 4.Nf3 Bg7 5.Bf4 O-O 6.cxd5 Nxd5 7.Nxd5 Qxd5 8.Bxc7
Bg4 9.e3 Na6 10.Bxa6 bxa6 11.O-O Qb7 12.Bf4 Qxb2 13.Qb3 Qe2 14.Ne5 Bxe5
15.Bxe5 Rfc8 16.Qb7 Kf8 17.h3 Bf5 18.Rfc1 Qb5 19.Qf3 Qb2 20.Re1 f6 21.Bf4 Qb5
22.e4 Be6 23.d5 Bf7 24.d6 Kg8 25.dxe7 Qd7 26.Qa3 Rc6 27.Rad1 Qe8 28.e5 f5
29.Bg5 Rac8 30.Rd8 {#r} 1-0

[Event "It (open)"]
[Site "masterchessopen.com – Dresden (Germany)"]
[Date "2012.08.25"]
[Round "8"]
[White "Mueller Richard (GER)"]
[Black "Pfeffer Ruprecht (GER)"]
[Result "0-1"]
[WhiteElo "2052"]
[BlackElo "2244"]

1.d4 Nf6 2.c4 g6 3.Nc3 d5 4.Bf4 Bg7 5.Nf3 O-O 6.Rc1 c5 7.dxc5 dxc4 8.Qxd8 Rxd8
9.e4 Na6 10.Bxc4 Nxc5 11.O-O Nfxe4 12.Nxe4 Nxe4 13.Rfe1 Bf5 14.g4 Bxg4 15.Rxe4
Bxf3 16.Rxe7 Rf8 17.Bd6 Rad8 18.Ba3 Rd4 19.h3 Rfd8 20.Bxf7+ Kh8 21.Bb3 Bc6
22.Rce1 Rd2 23.Bb4 Rxb2 24.Rf7 a5 25.Bxa5 Rd3 26.Rc7 Bd4 27.Rc8+ Kg7 28.Rc7+
Kh6 29.Rxc6 Bxf2+ 30.Kf1 Bxe1 31.Rc5 Bxa5 32.Rxa5 Rxh3 33.Kg1 Rc3 {#R} 0-1